000 00304nam a22001337a 4500
003 SGT
082 _a615.53
_bP15S
100 _aSHREE VASTTHPYA, SURESH CHANDRA
245 _aPANTANJALIYOGA DARSAN
260 _aVARANASI
_bCHAUKHAMBHA PUB
_c2015
300 _a600.00
650 _aAYURVEDA
942 _2ddc
_cBK
999 _c8739
_d8739